[Event "Blitz 2012"]
[Site "SchemingMind.com"]
[Date "2012.01.23"]
[Round "-"]
[White "keen"]
[Black "Ricsige"]
[Result "1-0"]
[WhiteCountry "SCO"]
[BlackCountry "AHO"]
[WhiteElo "1651"]
[WhiteRD "59"]
[BlackElo "1417"]
[BlackRD "63"]
[GameID "301978"]

1. e4 c5 2. Nf3 Nc6 3. d4 cxd4 4. Nxd4 Nf6 5. Nc3 e5 6. Nb3 Bb4 7. Bd2 Bxc3 8. Bxc3 Nxe4 9. Qf3 Nxc3 10. Qxc3 O-O
11. O-O-O a5 12. Nc5 d6 13. Ne4 d5 14. Bb5 d4 15. Qg3
1-0

[Event "Blitz 2012"]
[Site "SchemingMind.com"]
[Date "2012.01.23"]
[Round "-"]
[White "Majoanis"]
[Black "Ricsige"]
[Result "1-0"]
[WhiteCountry "CAN"]
[BlackCountry "AHO"]
[WhiteElo "1862"]
[WhiteRD "58"]
[BlackElo "1417"]
[BlackRD "63"]
[GameID "301980"]

1. Nf3 d5 2. c4 d4 3. g3 g6 4. d3 Bg7 5. Bg2 Nf6 6. O-O O-O 7. b4 Nbd7 8. Bb2 e5 9. e3 dxe3 10. fxe3 Bh6
11. Bc1 c5 12. b5 e4 13. Ne1 Ne5 14. Nc3 exd3 15. Nd5 Nxd5 16. Bxd5 Bg5 17. Nxd3
1-0

[Event "Blitz 2012"]
[Site "SchemingMind.com"]
[Date "2012.01.23"]
[Round "-"]
[White "emvarela"]
[Black "Ricsige"]
[Result "1-0"]
[WhiteCountry "ARG"]
[BlackCountry "AHO"]
[WhiteElo "1815"]
[WhiteRD "51"]
[BlackElo "1417"]
[BlackRD "63"]
[GameID "301982"]

1. e4 c5 2. Nf3 Nc6 3. d4 cxd4 4. Nxd4 Nf6 5. Nc3 e5 6. Nb3 Bb4 7. Bg5 Bxc3+ 8. bxc3 O-O 9. Qf3 d6 10. Bxf6 Qxf6
11. Qxf6 gxf6 12. Bd3 Be6 13. O-O Rac8 14. f4 exf4 15. Nd4
1-0

[Event "Blitz 2012"]
[Site "SchemingMind.com"]
[Date "2012.01.22"]
[Round "-"]
[White "kenneth m day"]
[Black "Ricsige"]
[Result "1-0"]
[WhiteCountry "USA"]
[BlackCountry "AHO"]
[WhiteElo "1866"]
[WhiteRD "52"]
[BlackElo "1417"]
[BlackRD "63"]
[GameID "301984"]

1. e4 c5 2. Nf3 Nc6 3. d4 cxd4 4. Nxd4 Nf6 5. Nc3 e5 6. Ndb5 d6 7. Bg5 a6 8. Na3 b5 9. Bxf6 gxf6 10. Nd5 f5
11. Bd3 Be6 12. O-O Bg7 13. Qh5 f4 14. c4 bxc4 15. Nxc4 O-O 16. Nd2 Rb8 17. b3 Nd4 18. Nf3 Nxf3+ 19. Qxf3
1-0

[Event "Blitz 2012"]
[Site "SchemingMind.com"]
[Date "2012.01.22"]
[Round "-"]
[White "cncbob"]
[Black "Ricsige"]
[Result "1-0"]
[WhiteCountry "ENG"]
[BlackCountry "AHO"]
[WhiteElo "1543"]
[WhiteRD "85"]
[BlackElo "1417"]
[BlackRD "63"]
[GameID "301985"]

1. e4 c5 2. Nf3 Nc6 3. Bb5 g6 4. d3 Bg7 5. Nbd2 d6 6. c4 Nf6 7. h3 a6 8. Ba4 O-O 9. Bxc6 bxc6 10. O-O Bd7
11. Re1 e5 12. b3 a5 13. Bb2 Qe7 14. Qe2 a4 15. Nb1 axb3 16. axb3 Rxa1 17. Bxa1 Ra8 18. Bc3 Be6 19. Ng5 Bc8 20. Nf3
1-0

[Event "Blitz 2012"]
[Site "SchemingMind.com"]
[Date "2012.01.23"]
[Round "-"]
[White "lennart"]
[Black "keen"]
[Result "0-1"]
[WhiteCountry "SWE"]
[BlackCountry "SCO"]
[WhiteElo "1555"]
[WhiteRD "52"]
[BlackElo "1651"]
[BlackRD "59"]
[GameID "301994"]

1. e4 e6 2. Nf3 d5 3. exd5 exd5 4. Nc3 Nf6 5. Bd3 Bg4 6. h3 Bh5 7. g4 Bg6 8. Bxg6 hxg6 9. d3 Nc6 10. Qe2+ Qe7
11. Qxe7+ Bxe7 12. Bf4 O-O-O 13. O-O-O Kb8 14. g5 Nh5 15. Be3 d4 16. Bd2 dxc3 17. Bxc3 f6 18. gxf6 Bxf6 19. Bd2 Nd4 20. Ng1 Rhe8
21. Kb1 Re6 22. h4 Rde8 23. c3 Nf5 24. Nf3 Re2 25. Rh2 Rd8 26. d4 Nd6 27. Bc1 Ree8 28. Rg2 Nf5 29. Rg4 c5 30. d5 Re2
31. Rxg6 Rxf2 32. Ng5 Ne7 33. Ne6 Nxg6
0-1

[Event "Blitz 2012"]
[Site "SchemingMind.com"]
[Date "2012.01.23"]
[Round "-"]
[White "lennart"]
[Black "kobby"]
[Result "0-1"]
[WhiteCountry "SWE"]
[BlackCountry "ENG"]
[WhiteElo "1517"]
[WhiteRD "51"]
[BlackElo "1479"]
[BlackRD "108"]
[GameID "301995"]

1. e4 d5 2. exd5 Qxd5 3. Nc3 Qd8 4. d3 Nf6 5. Be2 a6 6. Bf3 e6 7. h3 Bd6 8. Be3 O-O 9. Nge2 Nbd7 10. Qd2 Rb8
11. O-O-O b5 12. g4 Ne5 13. Bg2 Bb7 14. Nf4 Qe7 15. Bxb7 Rxb7 16. Qe2 Rd8 17. g5 Ne8 18. b3 Rbb8 19. Rdg1 g6 20. h4 Ng7
21. h5 Nf5 22. Bd4 Nxd4 23. Qe3 Nef3 24. Rg2 c5 25. hxg6 fxg6 26. Nfd5 exd5 27. Ne4 dxe4 28. dxe4 Rf8 29. c3 Bf4
0-1

[Event "Blitz 2012"]
[Site "SchemingMind.com"]
[Date "2012.01.23"]
[Round "-"]
[White "lennart"]
[Black "Majoanis"]
[Result "0-1"]
[WhiteCountry "SWE"]
[BlackCountry "CAN"]
[WhiteElo "1517"]
[WhiteRD "51"]
[BlackElo "1788"]
[BlackRD "63"]
[GameID "301996"]

1. e4 Nf6 2. d3 e5 3. Nf3 Nc6 4. Nc3 Bb4 5. Bd2 O-O 6. a3 Bxc3 7. Bxc3 d6 8. h3 Re8 9. Be2 a5 10. Qd2 d5
11. exd5 Nxd5 12. O-O-O b5 13. d4 b4 14. Bb5 bxc3 15. bxc3 Qd6 16. Rde1 Qxa3+
0-1

[Event "Blitz 2012"]
[Site "SchemingMind.com"]
[Date "2012.01.24"]
[Round "-"]
[White "lennart"]
[Black "mmccaffe"]
[Result "0-1"]
[WhiteCountry "SWE"]
[BlackCountry "USA"]
[WhiteElo "1555"]
[WhiteRD "52"]
[BlackElo "1701"]
[BlackRD "58"]
[GameID "301997"]

1. e4 e6 2. d4 d5 3. e5 c5 4. dxc5 Bxc5 5. Nf3 Nc6 6. c3 Nge7 7. b4 Bb6 8. b5 Na5 9. Bd3 Qc7 10. O-O Bd7
11. Nd4 h6 12. Re1 O-O 13. Bc2 a6 14. bxa6 bxa6 15. a3 Rac8 16. Qd3 Ng6 17. Re3 Qc4 18. Qe2 Qxe2 19. Rxe2 Bxd4 20. cxd4 Nb3
21. Ra2 Nxc1
0-1

[Event "Blitz 2012"]
[Site "SchemingMind.com"]
[Date "2012.01.23"]
[Round "-"]
[White "lennart"]
[Black "emvarela"]
[Result "0-1"]
[WhiteCountry "SWE"]
[BlackCountry "ARG"]
[WhiteElo "1577"]
[WhiteRD "53"]
[BlackElo "1819"]
[BlackRD "48"]
[GameID "301998"]

1. e4 e5 2. Nf3 Nc6 3. Nc3 Nf6 4. Bd3 Bc5 5. h3 O-O 6. O-O d5 7. exd5 Nxd5 8. Nxd5 Qxd5 9. Ng5 h6 10. Ne4 f5
11. Nc3 Qf7 12. b3 Bd4 13. Rb1 a6 14. Ne2 b5 15. c3 Bb6 16. Ba3 Rd8 17. Bc2 e4 18. Qe1 Ne5 19. d4 Ng6 20. Bc5 Bxc5
21. dxc5 Bb7 22. Nd4 Ne5 23. Rd1 Qg6 24. c6 Bxc6 25. Qe3 Bd5 26. g3 c5 27. Ne2 Nf3+ 28. Kh1 Qh5 29. Nf4 Qf7 30. Qxc5 Rac8
31. Qe3 Ne5 32. Rg1 Nd3 33. Kh2 Rxc3 34. Bb1 b4 35. Bxd3 exd3 36. Nxd3 Be4 37. Qb6 Rcxd3 38. Rde1 Qb7 39. Qc5 Qd5 40. Qxb4 Rd2
41. Rgf1 Bh1 42. Rg1 Rxf2+
0-1

[Event "Blitz 2012"]
[Site "SchemingMind.com"]
[Date "2012.01.23"]
[Round "-"]
[White "lennart"]
[Black "Phillip Beckett"]
[Result "1-0"]
[WhiteCountry "SWE"]
[BlackCountry "ENG"]
[WhiteElo "1517"]
[WhiteRD "51"]
[BlackElo "1612"]
[BlackRD "50"]
[GameID "301999"]

1. e4 e5 2. Nf3 Nc6 3. Bc4 Nf6 4. d3 Be7 5. h3 O-O 6. O-O d6 7. Nc3 h6 8. b3 Na5 9. b4 Nxc4 10. dxc4 Be6
11. Qd3 Nh7 12. Re1 Ng5 13. Nxg5 Bxg5 14. Ne2 Bxc1 15. Raxc1 Qg5 16. a3 f5 17. exf5 Qxf5 18. Qxf5 Rxf5 19. Ng3 Rf7 20. c5 Raf8
21. Rf1 dxc5 22. bxc5 Bc4 23. Rfe1 Rxf2 24. Rxe5 Rd2 25. Rf5 Rfd8 26. Re5 Bd5 27. Ne2 Bc4 28. Nf4 Bb5 29. c4 Bc6 30. Kh2 Rf8
31. Kg3 g5 32. Ne2 Ra2 33. Rc3 Rd8 34. Kh2 Rdd2 35. Rce3 Ba4 36. Re6 Kg7 37. Re7+ Kg6 38. R3e6+ Kh5 39. g4+ Kh4 40. Rxh6#
1-0

[Event "Blitz 2012"]
[Site "SchemingMind.com"]
[Date "2012.01.23"]
[Round "-"]
[White "lennart"]
[Black "Ricsige"]
[Result "1-0"]
[WhiteCountry "SWE"]
[BlackCountry "AHO"]
[WhiteElo "1555"]
[WhiteRD "52"]
[BlackElo "1417"]
[BlackRD "63"]
[GameID "302000"]

1. e4 c5 2. Nf3 Nc6 3. Bc4 e6 4. O-O a6 5. Nc3 b5 6. Be2 d6 7. d4 cxd4 8. Nxd4 Nxd4 9. Qxd4 Nf6 10. h3 Be7
11. e5 dxe5 12. Qxe5 Bd6 13. Qe3 O-O 14. Qf3 Rb8 15. Rd1 Bb7 16. Qe3 Qc7 17. Kf1 Rfd8 18. Bf3
1-0

[Event "Blitz 2012"]
[Site "SchemingMind.com"]
[Date "2012.01.23"]
[Round "-"]
[White "lennart"]
[Black "kenneth m day"]
[Result "0-1"]
[WhiteCountry "SWE"]
[BlackCountry "USA"]
[WhiteElo "1555"]
[WhiteRD "52"]
[BlackElo "1866"]
[BlackRD "52"]
[GameID "302001"]

1. e4 e6 2. d4 d5 3. e5 c5 4. dxc5 Nc6 5. Nf3 Bxc5 6. Be2 Nge7 7. h3 Ng6 8. b3 Ngxe5 9. Nxe5 Nxe5 10. O-O Qh4
11. Be3 Bxe3 12. fxe3 O-O 13. Nd2 Bd7 14. Rf4 Qg3 15. Nf1 Qg5 16. Qd4 Nc6 17. Qd3 Ne5 18. Qd4 Bc6 19. h4 Qe7 20. c4 Ng6
21. Rg4 e5 22. Qb2 f5 23. Rxg6 hxg6 24. h5 gxh5 25. Bxh5 dxc4 26. bxc4 Qg5 27. g4 fxg4 28. Qh2 Rf3 29. Re1 Rh3
0-1

[Event "Blitz 2012"]
[Site "SchemingMind.com"]
[Date "2012.01.23"]
[Round "-"]
[White "lennart"]
[Black "cncbob"]
[Result "0-1"]
[WhiteCountry "SWE"]
[BlackCountry "ENG"]
[WhiteElo "1555"]
[WhiteRD "52"]
[BlackElo "1543"]
[BlackRD "85"]
[GameID "302002"]

1. e4 e5 2. Nf3 Nc6 3. Nc3 g6 4. Bc4 Nf6 5. h3 Bg7 6. d3 h6 7. Qe2 O-O 8. Be3 d6 9. O-O-O a6 10. Kb1 Na5
11. g4 Nxc4 12. dxc4 Qe7 13. Nd5 Nxd5 14. cxd5 Bd7 15. Rhg1 c5 16. h4 f6 17. Rg2 Kh7 18. Rh1 Rh8 19. Qd3 Be8 20. g5 Kg8
21. Rhh2 h5 22. gxf6 Bxf6 23. Rg3 Kh7 24. Bg5 Bd7 25. Qe3 Raf8 26. Qe2 Rf7 27. Bd2 Bg4 28. Qe3 Bxf3 29. Rxf3 Kg8 30. Rg2 Rg7
31. Rfg3 Qf7 32. a3 Bxh4 33. Rh3 Bd8= 34. f4 exf4 35. Qf3 b5 36. Rf2 g5 37. Qd1 Kf8 38. Rhf3 Ke8 39. Re2 Kd7 40. e5 Qxd5
41. e6+ Ke7 42. Qg1 Qxf3 43. Rf2 Qg4 44. Rg2 Qf5 45. Bc3 Rhh7 46. Bxg7 Rxg7 47. Re2 Ke8 48. Qd1 Bc7 49. Ka1 Re7
0-1

[Event "Blitz 2012"]
[Site "SchemingMind.com"]
[Date "2012.01.23"]
[Round "-"]
[White "keen"]
[Black "lennart"]
[Result "1-0"]
[WhiteCountry "SCO"]
[BlackCountry "SWE"]
[WhiteElo "1651"]
[WhiteRD "59"]
[BlackElo "1555"]
[BlackRD "52"]
[GameID "302003"]

1. e4 e5 2. Nf3 d6 3. Bc4 h6 4. O-O Nc6 5. d4 Nxd4 6. Nxd4 exd4 7. c3 dxc3 8. Nxc3 Nf6 9. Re1 Be6 10. Bxe6 fxe6
11. e5 dxe5 12. Rxe5 Qxd1+ 13. Nxd1 O-O-O 14. Be3 Ng4 15. Rxe6 Bd6 16. g3 Nxe3 17. Nxe3 Bc5 18. Re1 Rhf8 19. Re2 b6 20. a3 a5
21. Ng4 Rd1+ 22. Kg2 Kb7 23. Ne3 Rd3 24. f4 Bd4 25. Nc4 Rh8 26. Re7 Bf6 27. R7e6 Rd7 28. Ne5 Rd5 29. Ng4 Bd8 30. Ne3 Rd4
31. Nf5 Rd7 32. Rg6 Rh7 33. Kf3 h5 34. Rge6 g5 35. fxg5 Bxg5 36. h4 Rd3+ 37. Ke4 Rd1 38. hxg5
1-0

[Event "Blitz 2012"]
[Site "SchemingMind.com"]
[Date "2012.01.23"]
[Round "-"]
[White "kobby"]
[Black "lennart"]
[Result "1-0"]
[WhiteCountry "ENG"]
[BlackCountry "SWE"]
[WhiteElo "1536"]
[WhiteRD "86"]
[BlackElo "1555"]
[BlackRD "52"]
[GameID "302004"]

1. d4 d5 2. Bf4 h6 3. e3 a6 4. h3 Be6 5. Nf3 Nc6 6. a3 Qd7 7. Be2 Nf6 8. O-O O-O-O 9. Nbd2 Ne4 10. c4 Nxd2
11. Nxd2 f6 12. Qb3 Na5 13. Qc2 Qc6 14. Rac1 g6 15. Bf3 g5 16. Bh2 Bg8 17. b4 Kd7 18. cxd5 Qxc2 19. Rxc2 b6 20. Rxc7+ Ke8
21. Ra7 Bxd5 22. Bxd5 Rxd5 23. Rxa6 Nb7 24. Rxb6 Nd8 25. Rb8 Kf7 26. Nc4 e6 27. Ra8 Rg8 28. Nb6 Rb5 29. Nd7 Be7 30. Nc5 Nc6
31. Ra6 Nd8 32. Bc7 Bxc5 33. dxc5 e5 34. Rd1 Ne6 35. Rd7+ Ke8 36. Rdd6 Nxc7 37. Ra7 Rg7 38. Rxf6 Re7 39. Rxh6 Kf8 40. Rh8+
1-0

[Event "Blitz 2012"]
[Site "SchemingMind.com"]
[Date "2012.01.23"]
[Round "-"]
[White "Majoanis"]
[Black "lennart"]
[Result "1-0"]
[WhiteCountry "CAN"]
[BlackCountry "SWE"]
[WhiteElo "1862"]
[WhiteRD "58"]
[BlackElo "1555"]
[BlackRD "52"]
[GameID "302005"]

1. Nf3 Nf6 2. c4 c5 3. g3 d5 4. cxd5 Nxd5 5. Bg2 e6 6. O-O Bd6 7. d4 c4 8. Qa4+ Bd7 9. Qxc4 f6 10. Nc3 Qc7
11. Qxc7 Nxc7 12. Bd2 Nc6 13. e4 e5 14. dxe5 Nxe5 15. Nxe5 Bxe5 16. Nd5 O-O-O 17. Rac1 Bc6 18. Ne7+ Kd7 19. Nxc6 bxc6 20. Bh3+ Ke8
21. Ba5 Rd4 22. Rxc6 Kf7 23. Bxc7 Rxe4 24. Bxe5
1-0

[Event "Blitz 2012"]
[Site "SchemingMind.com"]
[Date "2012.01.23"]
[Round "-"]
[White "mmccaffe"]
[Black "lennart"]
[Result "0-1"]
[WhiteCountry "USA"]
[BlackCountry "SWE"]
[WhiteElo "1701"]
[WhiteRD "58"]
[BlackElo "1555"]
[BlackRD "52"]
[GameID "302006"]

1. e4 e5 2. Nf3 Nc6 3. d4 exd4 4. Nxd4 Nxd4 5. Qxd4 d6 6. Nc3 c5 7. Qd1 Nf6 8. Bg5 Be7 9. Bb5+ Bd7 10. Bxd7+ Qxd7
11. O-O O-O 12. Qf3 h6 13. Bh4 b5 14. Rfe1 b4 15. Nd5 Nxd5 16. Bxe7 Nxe7
0-1

[Event "Blitz 2012"]
[Site "SchemingMind.com"]
[Date "2012.01.23"]
[Round "-"]
[White "emvarela"]
[Black "lennart"]
[Result "1-0"]
[WhiteCountry "ARG"]
[BlackCountry "SWE"]
[WhiteElo "1815"]
[WhiteRD "51"]
[BlackElo "1555"]
[BlackRD "52"]
[GameID "302007"]

1. e4 e5 2. Nf3 d6 3. d4 exd4 4. Nxd4 Nf6 5. Nc3 Be7 6. Bf4 h6 7. Bd3 Bg4 8. f3 Nbd7 9. fxg4 g5 10. Bg3 Nc5
11. b4 Nxd3+ 12. cxd3 h5 13. gxh5 Qd7 14. Nf5 Bf8 15. Qf3 O-O-O 16. Qe3 b6 17. Qxg5 Be7 18. Nxe7+ Qxe7 19. Bh4
1-0

[Event "Blitz 2012"]
[Site "SchemingMind.com"]
[Date "2012.01.23"]
[Round "-"]
[White "Phillip Beckett"]
[Black "lennart"]
[Result "0-1"]
[WhiteCountry "ENG"]
[BlackCountry "SWE"]
[WhiteElo "1602"]
[WhiteRD "51"]
[BlackElo "1555"]
[BlackRD "52"]
[GameID "302008"]

1. d4 d5 2. c4 dxc4 3. e4 b5 4. a4 a6 5. axb5 a5 6. Bxc4 c6 7. Qb3 e6 8. bxc6 Nxc6 9. d5 Nd4 10. Bb5+ Nxb5
11. Qxb5+ Bd7 12. Qd3 Rc8 13. Be3 Bb4+ 14. Nc3 Rb8 15. dxe6 Bb5 16. Qxd8+ Rxd8 17. Ne2 Bxe2 18. Kxe2 fxe6 19. Rhd1 Rxd1 20. Rxd1 Nf6
21. Bb6 O-O 22. f3 h6 23. Na2 Rb8 24. Nxb4 Rxb6 25. Nd3 Kf7 26. Rc1 Kg6 27. Rc2 h5 28. Nf4+ Kh6 29. Nd3 g6 30. Rc5 Ra6
31. Nf4 a4 32. Re5 Rb6 33. Nd3 Ra6 34. Nf4 a3 35. bxa3 Rxa3 36. Rxe6 Kg7 37. Nd3 Ra2+ 38. Kf1 h4 39. h3 Nh5 40. Re7+ Kh6
41. Rb7 Ng3+ 42. Ke1 Rxg2 43. Nf2 Nh5 44. Ng4+ Kg5 45. Rb5+ Kf4 46. e5 Kxf3 47. e6 Re2+ 48. Kd1 Rxe6 49. Rb3+ Kg2 50. Ne3+ Kxh3
51. Nd5+ Kg4 52. Ne3+ Kg5 53. Rb5+ Kh6 54. Ng4+ Kh7 55. Rb7+ Ng7 56. Kd2 Ra6 57. Ne5 Ra4 58. Rb6 Ra2+ 59. Kc3 Rg2 60. Kd3 Rg3+
61. Ke4 h3 62. Kf4 Nh5+ 63. Ke4 Kh6 64. Nf3 Rg2 65. Rxg6+ Rxg6
0-1

[Event "Blitz 2012"]
[Site "SchemingMind.com"]
[Date "2012.01.24"]
[Round "-"]
[White "Ricsige"]
[Black "lennart"]
[Result "0-1"]
[WhiteCountry "AHO"]
[BlackCountry "SWE"]
[WhiteElo "1417"]
[WhiteRD "63"]
[BlackElo "1555"]
[BlackRD "52"]
[GameID "302009"]

1. d4 d5 2. c4 dxc4 3. e4 e6 4. Bxc4 Nf6 5. Nc3 Bb4 6. e5 Ne4 7. Qd3 f5 8. Ne2 c5 9. O-O O-O 10. Nxe4 fxe4
11. Qxe4 Qb6 12. a3 Ba5 13. Be3 Qc7 14. dxc5 Qc6 15. Qxc6 Nxc6 16. f4 Kh8 17. Rad1 a6
0-1

[Event "Blitz 2012"]
[Site "SchemingMind.com"]
[Date "2012.01.23"]
[Round "-"]
[White "kenneth m day"]
[Black "lennart"]
[Result "1-0"]
[WhiteCountry "USA"]
[BlackCountry "SWE"]
[WhiteElo "1866"]
[WhiteRD "52"]
[BlackElo "1555"]
[BlackRD "52"]
[GameID "302010"]

1. e4 e5 2. Nf3 d6 3. d4 exd4 4. Nxd4 Nf6 5. Nc3 Nbd7 6. Bc4 Ne5 7. Bb3 g6 8. f3 a6 9. Bg5 d5 10. Nxd5 Be7
11. Nxe7 Qxe7 12. Bh6 Bd7 13. Qd2 O-O-O 14. Qc3 Nh5 15. O-O-O Qf6 16. Be3 Qe7 17. Rhf1 f5 18. Bd5 Nf6 19. Bb3 fxe4 20. Bf4 h6
21. Rfe1 g5 22. Bg3 h5 23. Ne2 Nc6 24. Nd4 h4 25. Bf2 Qg7 26. Nxc6 bxc6 27. Bd4 Rh6 28. fxe4 Bg4 29. Rd2 Bd7 30. Qc5
1-0

[Event "Blitz 2012"]
[Site "SchemingMind.com"]
[Date "2012.01.23"]
[Round "-"]
[White "cncbob"]
[Black "lennart"]
[Result "1-0"]
[WhiteCountry "ENG"]
[BlackCountry "SWE"]
[WhiteElo "1539"]
[WhiteRD "128"]
[BlackElo "1517"]
[BlackRD "51"]
[GameID "302011"]

1. e4 e5 2. Nf3 Nf6 3. Nxe5 Nxe4 4. Qe2 Be7 5. Qxe4 O-O 6. c4 d6 7. Bd3 f5 8. Qd5+ Kh8 9. Nf7+ Rxf7 10. Qxf7 Nc6
11. Bxf5 Ne5 12. Qh5 g6 13. Bxg6 Nxg6 14. Qf3 Ne5 15. Qe4 Bd7 16. Nc3 Bc6 17. Nd5 Qg8 18. O-O Rf8 19. Nxe7 Bxe4 20. Nxg8 Kxg8
21. b3 Rf5 22. Bb2 Nd3 23. Bc3 Kf7 24. f3 Bc6 25. b4 Ke6 26. Rfe1+ Kd7 27. Re3 Nf4 28. Rae1 Rf7 29. b5
1-0